[Event "Moscow op-B (Women) 13th"]
[Site "Moscow"]
[Date "2017.02.04"]
[Round "8"]
[White "Ivanova, Elina"]
[Black "Velichko, Tatiana"]
[Result "1/2-1/2"]
[WhiteElo "1578"]
[BlackElo "1927"]
[PlyCount "96"]
[EventDate "2017.01.28"]
[EventType "swiss"]
[EventRounds "9"]
[EventCountry "RUS"]
[SourceTitle "EXT 2018"]
[Source "ChessBase"]
[SourceDate "2017.10.13"]
[SourceVersion "1"]
[SourceVersionDate "2017.10.13"]
[SourceQuality "1"]

1. d4 f5 2. c4 e6 3. Nf3 Nf6 4. g3 c6 5. Bg2 d5 6. 0-0 Bd6 7. b3 Qe7 8. Bb2 0-0 9. Nbd2 b6 10. Ne5 Bb7 11. Qc2 a5 12. Rac1 Na6 13. cxd5 Nb4 14. Qb1 cxd5 15. a3 Na6 16. Nc6 Qe8 17. Ne5 Rc8 18. Rxc8 Qxc8 19. Rc1 Qb8 20. Ndf3 Rc8 21. Ng5 Rxc1+ 22. Qxc1 Qc8 23. Qxc8+ Bxc8 24. f3 Nc7 25. a4 Nd7 26. Ngf7 Be7 27. Nxd7 Bxd7 28. Ne5 Be8 29. Kf2 Na6 30. e4 Nb4 31. Ke3 b5 32. axb5 Bxb5 33. exf5 exf5 34. Bh3 g6 35. Bg2 Kg7 36. Kd2 Kf6 37. Ba3 Ke6 38. f4 g5 39. Nf3 g4 40. Ne5 Kf6 41. Kd1 Ke6 42. Kd2 Bd6 43. h3 h5 44. h4 Ba6 45. Kd1 Bc7 46. Bxb4 axb4 47. Kd2 Bb5 48. Nd3 Bxd3 1/2-1/2

[Event "Moscow op-B (Women) 13th"]
[Site "Moscow"]
[Date "2017.01.31"]
[Round "4"]
[White "Ivanova, Elina"]
[Black "Seregina, Maria"]
[Result "0-1"]
[WhiteElo "1578"]
[BlackElo "1841"]
[PlyCount "90"]
[EventDate "2017.01.28"]
[EventType "swiss"]
[EventRounds "9"]
[EventCountry "RUS"]
[SourceTitle "EXT 2018"]
[Source "ChessBase"]
[SourceDate "2017.10.13"]
[SourceVersion "1"]
[SourceVersionDate "2017.10.13"]
[SourceQuality "1"]

1. d4 d5 2. c4 dxc4 3. Nc3 e6 4. e4 Nf6 5. Bg5 h6 6. Be3 Bb4 7. f3 0-0 8. Bxc4 c5 9. Nge2 cxd4 10. Nxd4 Bxc3+ 11. bxc3 Qc7 12. Qe2 Bd7 13. Rc1 e5 14. Nb5 Qa5 15. 0-0 a6 16. Nd6 b5 17. Bb3 Qc7 18. Rfd1 Nc6 19. c4 b4 20. c5 Na5 21. Bd5 Bc6 22. Qb2 Rfb8 23. Qxe5 Bxd5 24. exd5 Nd7 25. Qg3 Kh7 26. Bf4 g5 27. Be3 b3 28. axb3 Nxb3 29. Rc4 Ndxc5 30. Bxg5 Rg8 31. Rh4 Rxg5 32. Qxg5 Qxd6 33. Qf5+ Qg6 34. Qe5 Qc2 35. Re1 Rg8 36. Re2 Qd1+ 37. Re1 Qxf3 38. Qe2 Qxd5 39. Rh5 Rxg2+ 40. Qxg2 Qxh5 41. Re8 Qg6 42. Re7 Qxg2+ 43. Kxg2 Kg6 44. Kf3 a5 45. Ra7 a4 0-1